-And Vocabulary Words - Statistics

General Stats
  • This quiz has been taken 496 times
  • The average score is 11 of 20
Answer Stats
clue word % Correct
land encircled by water island
93%
comprehend understand
90%
non-forehand tennis shot backhand
85%
what men become after marriage husband
84%
magician's accessory wand
83%
& ampersand
72%
having a neutral taste bland
70%
illegally obtained goods contraband
70%
instruction, esp in military command
69%
another upside-down posture handstand
65%
necklace of flowers garland
56%
magnificent, imposing grand
49%
severe rebuke reprimand
44%
upside-down posture headstand
43%
a major improvement on dial-up broadband
42%
sneaky, sly, not above-board underhand
42%
short journey to achieve a purpose errand
29%
beachfront; also to run aground strand
24%
issue an order opposing a previous order countermand
19%
M thousand
11%
No matching quizzes found
Score Distribution
Percent of People with Each Score
Percentile by Number Answered
Your Score History
You have not taken this quiz